000 00545nam a22001817a 4500
005 20140917105605.0
010 _aENG-110880
020 _a9789351431749
_c180.00
035 _aEN-94412
037 _bDBAD/PUB
082 _a954
245 _aHistory-I :
_bfor 5 years law course
260 _aGurgaon
_bLexis Nexis
_c2014
270 _a14th Floor, Building No.10, Tower-B, DLF Cyber City, Phase-II
_bGurgaon
_e122002
300 _ax,113p.
_c22cm(pbk)
490 _aQuick reference guide series
942 _2ddc
_cEN
_mHIS
_h954
999 _c88712
_d88712